000 00574nam a2200229Ia 4500
003 OSt
005 20220924142317.0
006 a|||||r|||| 00| 0
007 ta
008 220923b |||||||| |||| 00| 0 ben d
024 _a301386
037 _cTextual
040 _aARTS
_cARTS
_bben
041 _2ben
_aben
082 _aY7:1, 157N4
100 _aMukhopadhyay Alok
_9213185
245 0 _aBijnaner alokey manabsanskriti
260 _c1994
650 _aSOCIOLOGY
942 _hY7:1, 157N4
_cTEXL
_2CC
999 _c450234
_d450234